Summary report on the survey of the underground waters of Texas, (Record no. 27323)

MARC details
000 -LEADER
fixed length control field 01085cam a22002771 4500
001 - CONTROL NUMBER
control field gs 37000024
003 - CONTROL NUMBER IDENTIFIER
control field DLC
005 - DATE AND TIME OF LATEST TRANSACTION
control field 20260227111341.0
008 - FIXED-LENGTH DATA ELEMENTS--GENERAL INFORMATION
fixed length control field 860409s1935 txuab 000 0 eng c
010 ## - LIBRARY OF CONGRESS CONTROL NUMBER
LC control number gs 37000024
035 ## - SYSTEM CONTROL NUMBER
System control number (OCoLC)13413275
040 ## - CATALOGING SOURCE
Original cataloging agency U.S. Geol. survey. Library
Transcribing agency TxDaM
Modifying agency TxDaM
-- OCoLC
-- DLC
042 ## - AUTHENTICATION CODE
Authentication code premarc
050 00 - LIBRARY OF CONGRESS CALL NUMBER
Classification number GB1025.T4
Item number W5
100 1# - MAIN ENTRY--PERSONAL NAME
Personal name White, Walter N.
Fuller form of name (Walter Noy)
245 00 - TITLE STATEMENT
Title Summary report on the survey of the underground waters of Texas,
Statement of responsibility, etc. by Walter N. White ...
260 ## - PUBLICATION, DISTRIBUTION, ETC.
Place of publication, distribution, etc. [Austin? Tex.]
Date of publication, distribution, etc. 1935.
300 ## - PHYSICAL DESCRIPTION
Extent 28 numb. l.,
Other physical details incl. tab., 2 maps.
Dimensions 28 cm.
500 ## - GENERAL NOTE
General note "Texas State Board of Water Engineers and Engineering Experiment Station of Agricultural and Mechanical College of Texas, in cooperation with the United States Geological survey."
500 ## - GENERAL NOTE
General note Mimeographed.
650 #0 - SUBJECT ADDED ENTRY--TOPICAL TERM
Topical term or geographic name entry element Groundwater
Geographic subdivision Texas.
650 #0 - SUBJECT ADDED ENTRY--TOPICAL TERM
Topical term or geographic name entry element Water-supply
Geographic subdivision Texas.
710 2# - ADDED ENTRY--CORPORATE NAME
Corporate name or jurisdiction name as entry element Texas Water Commission.
710 2# - ADDED ENTRY--CORPORATE NAME
Corporate name or jurisdiction name as entry element Agricultural and Mechanical College of Texas.
Subordinate unit Engineering experiment station.
710 2# - ADDED ENTRY--CORPORATE NAME
Corporate name or jurisdiction name as entry element Geological Survey (U.S.)

No items available.

Powered by Koha